| 000 | 01653nam a22002777a 4500 | ||
|---|---|---|---|
| 001 | 1320 | ||
| 005 | 20251121133948.0 | ||
| 020 | _a9789924340911 | ||
| 040 |
_aFISKH _beng _cFISKH _dFISKH |
||
| 082 | _a595.79 | ||
| 100 | _aHedelin, Pascale | ||
| 245 |
_aពិភពសត្វល្អិត / _cនិពន្ធដោយ Pascale Hedelin - គូររូបដោយ Sandra de la Prada - បកប្រែពីភាសាបារាំងដោយ ឡាច រតនា |
||
| 250 | _aបោះពុម្ពលើកទី ២ ខែកុម្ភៈ ២០២២ | ||
| 260 |
_aMilan : _bSipar, _c2019. |
||
| 300 |
_a37 pages : _bcolor illustrations ; _c25 cm |
||
| 490 | _aស្វែងយល់ពី | ||
| 505 | _aZ | ||
| 520 | _aសៀវភៅឯកសារនេះប្រមូលផ្ដុំនូវសំណួរដែលកុមារតែងតែចោទសួរជាញឹកញាប់អំពីសត្វល្អិត។ វាជាសៀវភៅមួយក្បាល ដែលឆ្លើយតបនឹងចម្ងល់របស់កុមារអំពីពិភពនៅជុំវិញខ្លួនពួកគេ។ | ||
| 520 | _aThis booklet collects the questions that children often ask about insects. It is a book that answers children's questions about the world around them. | ||
| 521 |
_a890
_bLexile estimate |
||
| 521 |
_aZ
_bRaz-Plus |
||
| 650 |
_aសត្វល្អិត _vរូបភាព _xការពារ |
||
| 650 |
_aInsects _vPicture _xProtect |
||
| 700 |
_aPrada, Sandra de la _cillustrator |
||
| 942 |
_2ddc _cBK _n0 |
||
| 999 |
_c1320 _d1320 |
||